Biblioteka Instytutu Północnego w Olsztynie

Korespondencja rodziny Artwińskich (1889-1983) : (Rekord nr 27835)

Szczegóły MARC
000 -Nagłówek
fixed length control field 02711cam a2200637 i 4500
001 - Nr kontrolny bibl., która utworzyła rek.
control field xx004882366
003 - Siglum bibl., której nr kontr. jest w 001
control field NUKAT
005 - Data i czas ostatniej operacji
control field 20260428104833.0
008 - Elementy pola stałej długości
fixed length control field 200610s2020 pl a |001 0 pol c
020 ## - ISBN
ISBN 9788360108581
020 ## - ISBN
ISBN 9788380988163
020 ## - ISBN
ISBN 9788363477271
035 ## - Systemowy numer kontrolny
systemowy numer kontrolny (OCoLC)1164109033
035 ## - Systemowy numer kontrolny
systemowy numer kontrolny (NUKAT)xx004882366
040 ## - Instytucja sporządzająca opis
Instytucja, która sporządziła opis SAND 001/MK
język katalgowania-trzyzn. kod pol
zasady opisu rda
Instytucja, która sporządziła rekord SAND 001/MK
Instytucja, która zmodyfikowała rekord SAND 001/MK
-- GD U/MJs
-- POZN U/EMs
-- WA 14/PTs
045 2# - Okres czasu dla zawartości
czas między r. 9999 pne a nasz. czas. d1889
-- d1983
046 ## - Kod rodz. daty, data1, data2 (daty pne)
Begin/single date 2020
Single or starting date for aggregated content 1889
Ending date for aggregated content 1983
245 00 - Tytuł właściwy i oznaczenie odpow.
tytuł Korespondencja rodziny Artwińskich (1889-1983) :
dodatek do tytułu Kielce - Kraków - Lwów /
dod. inf. ze s. tyt./ozn. odpow. wstęp, wybór i opracowanie Paweł Wolańczyk.
260 ## - Adres wydawniczy
miejsce wydania, dystrybucji itp. Kielce :
nazwa wydawcy, dystrybutora itp. Wojewódzka Biblioteka Publiczna im. Witolda Gombrowicza :
-- Muzeum Historii Kielc ;
miejsce wydania, dystrybucji itp. Warszawa :
nazwa wydawcy, dystrybutora itp. Instytut Pamięci Narodowej - Komisja Ścigania Zbrodni przeciwko Narodowi Polskiemu,
data wydania, dystrybucji itp. 2020.
300 ## - Opis fizyczny
objętość i/lub forma materiału 335 stron :
inne szczegóły opisu fizycznego ilustracje ;
format 24 cm.
336 ## - Content Type
Term Tekst
Code txt
Source rdacontent
337 ## - Media Type
Term Bez urządzenia pośredniczącego
Code n
Source rdamedia
338 ## - Carrier Type
Term Wolumin
Code nc
Source rdacarrier
380 ## - Form of work
Form of work Książki
380 ## - Form of work
Form of work Literatura faktu, eseje, publicystyka
380 ## - Form of work
Form of work Publikacje naukowe
386 ## - Creator/Contributor Characteristics
Demographic group term Przynależność kulturowa
Creator/contributor term Literatura polska
388 1# - TIME PERIOD OF CREATION
Time period of creation term 1801-1900
388 1# - TIME PERIOD OF CREATION
Time period of creation term 1901-2000
388 1# - TIME PERIOD OF CREATION
Time period of creation term 2001-
490 1# - Tytuł serii i ks. wielotom.-nie do wysz.
oznaczenie serii Seria świętokrzyska : dzienniki, wspomnienia, pamiętniki, listy ;
numer woluminu t. 4
504 ## - Uwaga o bibliografii
uwaga o bibliografii Bibliografia na stronach 311-317. Indeksy.
600 37 - Hasło przedmiotowe-nazwa osobowa
nazwa osobowa Artwińscy
tyt., in. dopowiedz. dot. nazwy (rodzina)
źródło hasła DBN
9 (RLIN) 40770
600 17 - Hasło przedmiotowe-nazwa osobowa
nazwa osobowa Artwiński, Stefan Władysław
daty biograficzne (1863-1939)
określnik formy korespondencja.
źródło hasła kaba
9 (RLIN) 40771
600 37 - Hasło przedmiotowe-nazwa osobowa
nazwa osobowa Artwińscy
tyt., in. dopowiedz. dot. nazwy (rodzina)
określnik formy korespondencja.
źródło hasła kaba
9 (RLIN) 40772
648 #7 - SUBJECT ADDED ENTRY--CHRONOLOGICAL TERM
Chronological term 1801-1900
Source of heading or term DBN
9 (RLIN) 36037
648 #7 - SUBJECT ADDED ENTRY--CHRONOLOGICAL TERM
Chronological term 1901-2000
Source of heading or term DBN
9 (RLIN) 34996
650 #7 - Hasło przedmiotowe-nazwa pospolita
nazwa pospolita lub geogr. Rodzina
źródło hasła DBN
9 (RLIN) 36921
651 #7 - Hasło przedmiotowe-nazwa geogr.
nazwa geograficzna Kielce (woj. świętokrzyskie)
źródło hasła DBN
9 (RLIN) 38044
651 #7 - Hasło przedmiotowe-nazwa geogr.
nazwa geograficzna Kraków (woj. małopolskie)
źródło hasła DBN
9 (RLIN) 35889
651 #7 - Hasło przedmiotowe-nazwa geogr.
nazwa geograficzna Lwów (Ukraina, obw. lwowski)
źródło hasła DBN
9 (RLIN) 38862
655 #7 - Termin określający rodzaj/formę
rodzaj/forma Antologia
źródło terminu DBN
9 (RLIN) 34961
655 #7 - Termin określający rodzaj/formę
rodzaj/forma Edycja krytyczna
źródło terminu DBN
9 (RLIN) 35006
655 #7 - Termin określający rodzaj/formę
rodzaj/forma Listy
źródło terminu DBN
9 (RLIN) 37131
655 #7 - Termin określający rodzaj/formę
rodzaj/forma Wydawnictwo źródłowe
źródło terminu DBN
9 (RLIN) 35066
658 ## - Nazwa określająca cel programu nauczania
główny cel programu nauczania Historia
700 1# - Hasło dodatkowe - nazwa osobowa
nazwa osobowa Wolańczyk, Paweł
daty biograficzne (1982- ).
rodzaj współpracy Redakcja
9 (RLIN) 14514
710 2# - Hasło dodatkowe - nazwa ciała zbior.
nazwa ciała zbior. lub nazwa geogr. Muzeum Historii Kielc.
rodzaj współpracy Wydawca
kod rodzaju współpracy pbl
9 (RLIN) 14513
710 2# - Hasło dodatkowe - nazwa ciała zbior.
nazwa ciała zbior. lub nazwa geogr. Wojewódzka Biblioteka Publiczna im. Witolda Gombrowicza (Kielce).
rodzaj współpracy Wydawca
kod rodzaju współpracy pbl
9 (RLIN) 17110
710 2# - Hasło dodatkowe - nazwa ciała zbior.
nazwa ciała zbior. lub nazwa geogr. Instytut Pamięci Narodowej - Komisja Ścigania Zbrodni przeciwko Narodowi Polskiemu.
rodzaj współpracy Wydawca
kod rodzaju współpracy pbl
9 (RLIN) 11792
830 #0 - Hasło dod. serii i op. ks. wielotom. -tyt
tytuł Seria Świętokrzyska "Dzienniki, Wspomnienia, Pamiętniki, Listy"
oznaczenie tomu t. 4
9 (RLIN) 17113
920 ## - ISBN
ISBN 978-83-60108-58-1
920 ## - ISBN
ISBN 978-83-8098-816-3
920 ## - ISBN
ISBN 978-83-63477-27-1
942 ## - ADDED ENTRY ELEMENTS (KOHA)
Source of classification or shelving scheme Dewey Decimal Classification
Koha item type pozycje dostępne na miejscu
Egzemplarze
Status wycofania Status zagubienia Klasyfikacja Status uszkodzenia Blokada wypożyczeń Kolekcja Lokalizacja macierzysta Lokalizacja bieżąca Data nabycia Numer akcesji Źródło akcesji Cena Nr inwentarzowy il. wypożyczeń Sygnatura Kod kreskowy Date last seen Price effective from Typ egz.
    Dewey Decimal Classification nieuszkodzona   książka w magazynie Biblioteka Instytutu Północnego w Olsztynie Biblioteka Instytutu Północnego w Olsztynie 30/11/2020 D-36/2020 dar 35.00 59953   59953 IPWK24057 28/04/2026 28/04/2026 pozycje dostępne na miejscu
Biblioteka Instytutu Północnego, ul. Partyzantów 87, 10-402 Olsztyn, email: biblioteka(at)ip.olsztyn.pl